Les Premiers Ministres de la Veme République en France - Statistiques

Statistiques générales
  • Ce quiz a été pris 108 fois
    27 depuis la dernière actualisation
  • Le résultat moyen est 17 sur 28
Statistiques - réponses
Réponse % Correct
Jacques Chirac
90%
Jacques Chirac
90%
Elisabeth Borne
85%
François Bayrou
85%
Georges Pompidou
85%
Edouard Philippe
80%
Michel Barnier
75%
Gabriel Attal
70%
Michel Debré
70%
François Fillon
65%
Jean Castex
65%
Lionel Jospin
65%
Edith Cresson
60%
Manuel Valls
60%
Edouard Balladur
55%
Laurent Fabius
55%
Alain Juppé
50%
Bernard Cazeneuve
45%
Dominique de Villepin
45%
Michel Rocard
45%
Pierre Mauroy
45%
Raymond Barre
45%
Jean-Marc Ayrault
40%
Jean-Pierre Raffarin
40%
Pierre Beregovoy
40%
Pierre Messmer
40%
Jacques Chaban-Delmas
30%
Maurice Couve de Murville
30%
Aucun quiz correspondant
Distribution des résultats
% des personnes avec chaque résultat
Percentile par nombre de réponses
Votre historique - résultats
Vous n’avez pas pris ce quiz depuis la dernière actualisation